|
|
|
|
| LEADER |
00957nam a2200241 a 4500 |
| 001 |
ocm16206543 |
| 008 |
100104s1975 enk 001 0 eng d |
| 020 |
|
|
|a 0140040218 (Pbk)
|
| 040 |
|
|
|a UKM
|d BD-DhAAL
|
| 082 |
0 |
0 |
|a 915.1/0458
|2 18
|
| 100 |
1 |
|
|a Terrill, Ross.
|
| 240 |
1 |
0 |
|a Eight hundred million - the real China
|
| 245 |
0 |
0 |
|a 800,000,000 - the real China /
|c Ross Terrill.
|
| 260 |
|
|
|a London :
|b Penguin Books Ltd.,
|c 1975.
|
| 300 |
|
|
|a 267 p. ;
|c 24 cm.
|
| 504 |
|
|
|a Includes index.
|
| 541 |
1 |
|
|e 00004575
|
| 651 |
|
0 |
|a China
|x Description and travel.
|
| 651 |
|
0 |
|a China (People's Republic of China, 1949- )
|x Description and travel.
|
| 651 |
|
0 |
|a China (People's Republic of China, 1949- )
|x Social conditions.
|
| 852 |
4 |
|
|a Ayesha Abed Library
|j General shelf
|
| 999 |
|
|
|c 6681
|d 6681
|
| 952 |
|
|
|0 0
|1 0
|2 ddc
|4 0
|6 915_104580000000000_TER_1975
|7 0
|9 6850
|a BRACUL
|b BRACUL
|c GEN
|d 2010-01-05
|g 75.00
|l 2
|o 915.10458 TER
|p 3010004575
|r 2024-06-05
|s 2024-05-29
|t 1
|w 2010-01-05
|y BK
|